Normal view
MARC view
- MSc in Construction Engineering and Management
Entry Topical Term
001 - CONTROL NUMBER
- control field: 48580
003 - CONTROL NUMBER IDENTIFIER
- control field: NUST
005 - DATE AND TIME OF LATEST TRANSACTION
- control field: 20210314134056.0
008 - FIXED-LENGTH DATA ELEMENTS
- fixed length control field: 210314|| aca||aabn | a|a d
040 ## - CATALOGING SOURCE
- Original cataloging agency: NUST
- Transcribing agency: NUST
150 ## - HEADING--TOPICAL TERM
- Topical term or geographic name entry element: MSc in Construction Engineering and Management
670 ## - SOURCE DATA FOUND
- Source citation: Work cat.: (NUST): Abu Bakar Muzamil 48579, Analysis of labour productivity of road construction projects in Pakistan, 2014
